<?xml version="1.0" encoding="UTF-8"?><?xml-stylesheet type="text/xsl" href="static/style.xsl"?><OAI-PMH xmlns="http://www.openarchives.org/OAI/2.0/" xmlns:xsi="http://www.w3.org/2001/XMLSchema-instance" xsi:schemaLocation="http://www.openarchives.org/OAI/2.0/ http://www.openarchives.org/OAI/2.0/OAI-PMH.xsd"><responseDate>2026-06-07T05:19:53Z</responseDate><request verb="GetRecord" identifier="oai:riuma.uma.es:10630/38448" metadataPrefix="marc">https://riuma.uma.es/rest/oai/request</request><GetRecord><record><header><identifier>oai:riuma.uma.es:10630/38448</identifier><datestamp>2026-02-03T11:25:16Z</datestamp><setSpec>com_10630_2254</setSpec><setSpec>col_10630_37953</setSpec></header><metadata><record xmlns="http://www.loc.gov/MARC21/slim" xmlns:dcterms="http://purl.org/dc/terms/" xmlns:doc="http://www.lyncode.com/xoai" xmlns:xsi="http://www.w3.org/2001/XMLSchema-instance" xsi:schemaLocation="http://www.loc.gov/MARC21/slim http://www.loc.gov/standards/marcxml/schema/MARC21slim.xsd">
   <leader>00925njm 22002777a 4500</leader>
   <datafield ind2=" " ind1=" " tag="042">
      <subfield code="a">dc</subfield>
   </datafield>
   <datafield ind2=" " ind1=" " tag="720">
      <subfield code="a">Alonso-Calero, José María</subfield>
      <subfield code="e">author</subfield>
   </datafield>
   <datafield ind2=" " ind1=" " tag="260">
      <subfield code="c">2022-07</subfield>
   </datafield>
   <datafield ind2=" " ind1=" " tag="520">
      <subfield code="a">En esta investigación se propone una convergencia entre el campo del machinima, la posfotografía y la posanimación, que son disciplinas distantes pero afines en factores y claves por haberse desarrollado en el ámbito de la red. A partir del rol de intermediación entre disciplinas que juega el machinima, y tomando de la metodología cualitativa el estudio de casos desde la triangulación teórica, planteamos un estudio comparativo cuya hipótesis propone una secuencia formada por la posfotografía, el machinima y la posanimación hasta llegar a la real-time animation. Establecidas las claves principales sobre autoría, automatización y apropiación (donde la mediación y la autorreferencialidad son determinantes) inscritas en «Por un manifiesto post-fotográfico», vamos a extraer una serie de claves «post» que nos van a guiar en el análisis de estas disciplinas, para así generar una taxonomía cruzada. Taxonomía que pretende poner en valor el machinima en relación con la animación más avanzada y conectarla con la animación en tiempo real. Todo ello con el objetivo de reflexionar sobre la consideración de la real-time animation como la posanimación, lo que implica, primero, señalar el paralelismo entre estas disciplinas que se han ido estableciendo en la creación audiovisual; y, segundo, presupone una convergencia entre medios propiciada por una posible condición «post». El resultado es una serie de claves «post» A y B; una taxonomía cruzada con las que tratamos de entender cómo la implantación de lenguajes híbridos crea correspondencias interdisciplinares.</subfield>
   </datafield>
   <datafield ind1="8" ind2=" " tag="024">
      <subfield code="a">Alonso Calero, José María. Machinima, posfotografía y posanimación: estudio comparativo disciplinar. Artnodes. Revista de Arte, Ciencia y Tecnología. Fundación Universitat Oberta de Catalunya1695-5951, 2022. ISSN 1695-5951. DOI: 10.7238/d.v0i30.393949</subfield>
   </datafield>
   <datafield ind1="8" ind2=" " tag="024">
      <subfield code="a">https://hdl.handle.net/10630/38448</subfield>
   </datafield>
   <datafield ind1="8" ind2=" " tag="024">
      <subfield code="a">10.7238/artnodes.v0i30.393949</subfield>
   </datafield>
   <datafield tag="653" ind2=" " ind1=" ">
      <subfield code="a">Animación digital</subfield>
   </datafield>
   <datafield tag="653" ind2=" " ind1=" ">
      <subfield code="a">Videoarte</subfield>
   </datafield>
   <datafield ind2="0" ind1="0" tag="245">
      <subfield code="a">Machinima, posfotografía y posanimación: estudio comparativo disciplinar.</subfield>
   </datafield>
</record>
</metadata></record></GetRecord></OAI-PMH>